Catalog

Record Details

Catalog Search



Another one bites the crust  Cover Image Book Book

Another one bites the crust / Ellie Alexander.

Alexander, Ellie, (author.).

Summary:

"Torte--the beloved small-town bakeshop run by Jules Capshaw--is set to hit the stage. But who would have guessed that murder would makes a surprise appearance? It's the role of a lifetime for Jules. The Shakespeare Festival has returned to Ashland, Oregon, for the season and Torte has been cast as the supplier of Elizabethan-era treats for the main event. But on the eve of opening night, a brawl between Jules's friend Lance, the artistic director, and a strapping young thespian named Anthony almost brings down the house. . .and the next morning, Anthony is dead. Jules knows that Lance loves his drama--and his just desserts--but she also knows that murder is way off-script for him. Now it's up to Jules to cut through a bevy of backstage betrayals and catty co-stars who all have their own secrets--before the curtain drops on someone else. . ."-- Page [4] of cover.

Record details

  • ISBN: 9781250159359
  • ISBN: 1250159350
  • Physical Description: 313 pages ; 17 cm.
  • Edition: St. Martin's paperbacks edition.
  • Publisher: New York, NY : St Martin's Press, ©2018.

Content descriptions

General Note:
Includes recipes.
Subject: Bakers > Fiction.
Family-owned business enterprises > Fiction.
Murder > Investigation > Fiction.
Actors > Crimes against > Fiction.
Festivals > Fiction.
Ashland (Or.) > Fiction.
Genre: Detective and mystery fiction.

LDR 02275cam a2200421Ii 4500
001148695
003CONS
00520181107070531.0
008170424t20182018nyu e 000 1 eng d
010 . ‡a 2017052951
020 . ‡a9781250159359 ‡q(paperback)
020 . ‡a1250159350 ‡q(paperback)
035 . ‡a(CPomAG)LMN608619
043 . ‡an-us-or
05014. ‡aPS3604.Y49 ‡bA84 2018
08204. ‡a813/.6 ‡223
1001 . ‡aAlexander, Ellie, ‡eauthor.
24510. ‡aAnother one bites the crust / ‡cEllie Alexander.
250 . ‡aSt. Martin's paperbacks edition.
264 1. ‡aNew York, NY : ‡bSt Martin's Press, ‡c©2018.
300 . ‡a313 pages ; ‡c17 cm.
336 . ‡atext ‡btxt ‡2rdacontent
337 . ‡aunmediated ‡bn ‡2rdamedia
338 . ‡avolume ‡bnc ‡2rdacarrier
4901 . ‡aBakeshop mystery ; ‡v7.
500 . ‡aIncludes recipes.
520 . ‡a"Torte--the beloved small-town bakeshop run by Jules Capshaw--is set to hit the stage. But who would have guessed that murder would makes a surprise appearance? It's the role of a lifetime for Jules. The Shakespeare Festival has returned to Ashland, Oregon, for the season and Torte has been cast as the supplier of Elizabethan-era treats for the main event. But on the eve of opening night, a brawl between Jules's friend Lance, the artistic director, and a strapping young thespian named Anthony almost brings down the house. . .and the next morning, Anthony is dead. Jules knows that Lance loves his drama--and his just desserts--but she also knows that murder is way off-script for him. Now it's up to Jules to cut through a bevy of backstage betrayals and catty co-stars who all have their own secrets--before the curtain drops on someone else. . ."-- ‡cPage [4] of cover.
650 0. ‡aBakers ‡vFiction.
650 0. ‡aFamily-owned business enterprises ‡vFiction.
650 0. ‡aMurder ‡xInvestigation ‡vFiction.
650 0. ‡aActors ‡xCrimes against ‡vFiction.
650 0. ‡aFestivals ‡vFiction.
651 0. ‡aAshland (Or.) ‡vFiction.
655 7. ‡aDetective and mystery fiction. ‡2lcgft
8001 . ‡aAlexander, Ellie. ‡tBakeshop mystery ; ‡v7.
914 . ‡aSCP_kt ‡dLMN_cm
959 . ‡i32269001083800 ‡lF Ale ‡aAdult - Fiction ‡tFiction ‡g8.00
852 . ‡p32269001083800 ‡jF Ale ‡gAdult - Fiction ‡cFiction ‡y8.00 ‡bSBPL
901 . ‡a148695 ‡bUnknown ‡c148695 ‡tbiblio

Additional Resources